|
|
|
|
| LEADER |
00000nam0a2200000 4500 |
| 001 |
47921 |
| 005 |
20231031030728.0 |
| 010 |
|
|
|a 5778203837
|
| 035 |
|
|
|a (RuTPU)RU\TPU\book\50111
|
| 090 |
|
|
|a 47921
|
| 100 |
|
|
|a 20030227d2002 m y0rusy50 ca
|
| 101 |
0 |
|
|a rus
|
| 102 |
|
|
|a RU
|
| 105 |
|
|
|a y j 001zy
|
| 200 |
1 |
|
|a Электрические системы и сети
|e учебное пособие
|f А. В. Лыкин
|g Новосибирский государственный технический университет
|
| 210 |
|
|
|a Новосибирк
|c Изд-во НГТУ
|d 2002
|
| 215 |
|
|
|a 248 с.
|
| 225 |
1 |
|
|a Учебники НГТУ
|
| 320 |
|
|
|a Библиогр.: с. 241-243.
|
| 451 |
|
1 |
|0 (RuTPU)RU\TPU\book\105264
|y 5-98704-055-8
|t Электрические системы и сети
|o учебное пособие для вузов
|f А. В. Лыкин
|c М.
|n Логос
|d 2006
|p 254 с.
|s Новая университетская библиотека
|a Лыкин, Анатолий Владимирович
|
| 610 |
1 |
|
|a электроэнергетика
|
| 610 |
1 |
|
|a электрические системы
|
| 610 |
1 |
|
|a схемы
|
| 610 |
1 |
|
|a режимы
|
| 610 |
1 |
|
|a моделирование
|
| 610 |
1 |
|
|a мощность
|
| 610 |
1 |
|
|a напряжение
|
| 610 |
1 |
|
|a экономичность
|
| 610 |
1 |
|
|a проектирование
|
| 610 |
1 |
|
|a учебные пособия
|
| 675 |
|
|
|a 621.311(075.8)
|v 3
|
| 700 |
|
1 |
|a Лыкин
|b А. В.
|g Анатолий Владимирович
|
| 712 |
0 |
2 |
|a Новосибирский государственный технический университет
|2 stltpush
|3 (RuTPU)RU\TPU\col\36
|
| 801 |
|
1 |
|a RU
|b 63413507
|c 20030227
|g PSBO
|
| 801 |
|
2 |
|a RU
|b 63413507
|c 20111019
|g PSBO
|
| 900 |
|
|
|a Электрические системы и сети
|
| 942 |
|
|
|c BK
|